| 000 | 00511nam a2200193Ia 4500 | ||
|---|---|---|---|
| 008 | 180207s9999 xx 000 0 und d | ||
| 020 | _a9780899429359 | ||
| 050 | _bL896 1981 | ||
| 100 | _aLovasik, Laurence G. | ||
| 245 | _aIllustrated by life of Jesus / | ||
| 245 | _cby Lawrence G. Lovasik, S.V.D. | ||
| 260 | _aNew Jersey : | ||
| 260 | _bCatholic book Publishing Corp., | ||
| 260 | _c1981 | ||
| 300 | _a64 pages : | ||
| 300 | _bchiefly colored ; | ||
| 300 | _c23cm. | ||
| 650 | _aIncludes index. | ||
| 999 |
_c355758 _d355758 |
||